000 00336 a2200145 4500
001 47824
020 _a
040 _cAnchieta - Aquarius
100 _aNarimatsu, Aura Celeste Gomes Ribeiro
240 1 0 _aDaniel na cova dos leões
_lpor
245 1 0 _aDaniel na cova dos leões
362 0 _a1986
650 4 _aReligião
942 _cBK
999 _c47824
_d47824